000
00485nam a2200145Ia 4500
008
100204s9999 xx 000 0 und d
082
_b
6989
100
_a
नाईक गुरुनाथ
245
_a
सैतानाची वेल
260
_b
"बांदोडकर पब्लिशिंग हाऊस, गोवा"
_c
1985
300
_a
195
630
_a
सैतानाची वेल
730
_a
सैतानाची वेल
942
_c
BOOK
999
_c
451427
_d
451424